Library of the University of Algiers 3
Ibrahim Sultan Cheibout
شعار جامعة الجزائر 3
مكتبة جامعة الجزائر 3
إبراهيم سلطان شيبوط

مدخل إلى التدقيق من الناحية النظرية والعملية / (رقم التسجيلة. 43159)

تفاصيل مارك
000 -LEADER
fixed length control field 01291nam a2200253Ia 4500
003 - CONTROL NUMBER IDENTIFIER
control field Ost
005 - DATE AND TIME OF LATEST TRANSACTION
control field 20260507075127.0
008 - FIXED-LENGTH DATA ELEMENTS--GENERAL INFORMATION
fixed length control field 260507s9999||||xx |||||||||||||| ||und||
020 ## - INTERNATIONAL STANDARD BOOK NUMBER
International Standard Book Number 8513119957
040 ## - CATALOGING SOURCE
Transcribing agency fsecg
041 ## - LANGUAGE CODE
Language code of text/sound track or separate title ara
082 ## - DEWEY DECIMAL CLASSIFICATION NUMBER
Classification number 330
100 ## - MAIN ENTRY--PERSONAL NAME
Personal name التميمي، هادي
Relator term مؤلف
245 #0 - TITLE STATEMENT
Title مدخل إلى التدقيق من الناحية النظرية والعملية /
Statement of responsibility, etc. هادي التميمي
250 ## - EDITION STATEMENT
Edition statement طبعة 3
260 ## - PUBLICATION, DISTRIBUTION, ETC.
Place of publication, distribution, etc. عمان:
Name of publisher, distributor, etc. دار وائل,
Date of publication, distribution, etc. 2006
300 ## - PHYSICAL DESCRIPTION
Extent 339 صفحة؛
Dimensions 25 سم
520 ## - SUMMARY, ETC.
Summary, etc. التخطيط للتدفق-قواعد السلوك المهني-المسؤوليات القانونية-الرقابة الداخلية-الأدلة-عينات التدقيق في التدقيق الجوهري-المراجعة بواسطة الحاسوب-التدقيق وقانون الشركات-تقارير مدقق الحسابات-تدقيق النقدية-دورة المصروفات-الإيرادات-المبيعات والذمم المدينة والمقبوظة-حقوق المالكين-المطلوبات والإلتزامات
653 ## - INDEX TERM--UNCONTROLLED
Uncontrolled term التخطيط للتدقيق
653 ## - INDEX TERM--UNCONTROLLED
Uncontrolled term المصروفات
653 ## - INDEX TERM--UNCONTROLLED
Uncontrolled term تدقيق النقدية
653 ## - INDEX TERM--UNCONTROLLED
Uncontrolled term حقوق المالكين
942 ## - ADDED ENTRY ELEMENTS (KOHA)
Koha item type كتب

لا توجد مواد متاحة.

موارد الويب المفتوحة


© University of Algiers 3 All Rights Reserved
|
Implemented by LECHELAH Riad